banner-ar

الادارة و الاشراف فى التربية الخاصة فى ضوء معايير الجودة / (Record no. 62259)

MARC details
000 -الفاتح
حقل البيانات ثابتة الطول 00831nam a22002177a 4500
005 - وقت وتاريخ اخر تعامل مع التسجيلة
رقم الضبط 20240530110541.0
008 - عناصر البيانات ثابتة الطول - معلومات عامة
حقل البيانات ثابتة الطول 160512s2013 su f b 000 0 ara d
017 ## - رقم الايداع القانونى
رقم الايداع القانونى 1434/2842
المصدر ( الهيئة المختصة) السعودية . مكتبة الملك فهد الوطنية
020 ## - الرقم الدولى المعيارى للكتب
الرقم الدولى المعيارى للكتاب 9786038120620
040 ## - مصدر الفهرسة
وكالة الفهرسة الأصلية EG-CaGPL
082 04 - رقم تصنيف ديوى العشرى
رقم الطبعة 21
رقم التصنيف 371.2\
رقم المادة س إ
100 0# - المدخل الرئيسى - إسم شخصى
الإسم الشخصى سرى رشدى بركات
245 12 - بيان العنوان
العنوان الادارة و الاشراف فى التربية الخاصة فى ضوء معايير الجودة /
بيان المسئوليه,etc سرى رشدى بركات
250 ## - بيان الطبعة
بيان الطبعة ط. 1
260 ## - PUBLICATION, DISTRIBUTION, ETC. (IMPRINT)
تاريخ النشر أو التوزيع 2013 .
504 ## - تبصرة ببليوجرافية
تبصرة ببليوجرافية,الخ يشتمل على ارجاعات ببليوجرافية و فهرس
650 ## - المدخل الاضافى بالموضوع-مصطلح موضوعى
مصطلح موضوعي المدارس
التقسيم الفرعي العام تنظيم و ادارة
650 ## - المدخل الاضافى بالموضوع-مصطلح موضوعى
مصطلح موضوعي التربية الخاصة
942 ## - عناصر المدخل الإضافي( كوها)
مصدر التصنيف او مخطط الترفيف Dewey Decimal Classification
Koha [default] item type كتاب
260 ## - PUBLICATION, DISTRIBUTION, ETC. (IMPRINT)
-- الرياض :
-- دار الزهراء ،
Holdings
حالة التراجع حالة الفقد حالة تلف ليس للاعارة المكان المؤقت الموقع الحالى تاريخ الاكتساب اجمالي اﻻعارات رقم الطلب الباركود تاريخ اخر مشاهدة تاريخ تفعيل السعر نوع وعاء كوها
        مكتبة القاهرة الكبرى مكتبة القاهرة الكبرى 01/01/2014   371.2\ س إ 161927 05/12/2016 05/12/2016 كتاب

Powered By

EGPV